logo

Bir Sreshtho Munshi Abdur Rouf Library
Jhenaidah Cadet College

Defence of the western border / (Record no. 8239)

MARC details
000 -LEADER
fixed length control field 00957cam a2200325 a 4500
001 - CONTROL NUMBER
JCCL Control Number 8239
003 - CONTROL NUMBER IDENTIFIER
JCCL marc code BD-JhCC
005 - DATE AND TIME OF LATEST TRANSACTION
control field 20180718194911.0
008 - FIXED-LENGTH DATA ELEMENTS--GENERAL INFORMATION
fixed length control field 020607r19981981ii | |||| ||eng|
020 ## - INTERNATIONAL STANDARD BOOK NUMBER
International Standard Book Number 1897829426
029 ## - (OCLC)
OCLC library identifier R9828
035 ## - SYSTEM CONTROL NUMBER
system control number (BD-JhCC)8239
035 ## - SYSTEM CONTROL NUMBER
system control number 1496568
040 ## - CATALOGING SOURCE
Original cataloging agency DB/U-1
Modifying agency BD-JhCC
041 ## - LANGUAGE CODE
Language code of Book eng
082 ## - DEWEY DECIMAL CLASSIFICATION NUMBER
Author mark and Year SUK 1981
Classification number 355.033554
100 0# - MAIN ENTRY--PERSONAL NAME
Personal name Sukhwant Singh,
Dates associated with a name 1916-
245 10 - TITLE STATEMENT
Title Defence of the western border /
Statement of responsibility, etc Sukhwant Singh.
260 ## - PUBLICATION, DISTRIBUTION, ETC. (IMPRINT)
Place of publication, distribution, etc New Delhi :
Name of publisher, distributor, etc Lancer ;
Place of publication, distribution, etc London :
Name of publisher, distributor, etc Spantech & Lancer,
Date of publication, distribution, etc c1998.
300 ## - PHYSICAL DESCRIPTION
Pagination viii,428p ;
Dimensions 23cm.
490 0# - SERIES STATEMENT
Series statement India's wars of independence ;
Volume number/sequential designation vol.2
500 ## - GENERAL NOTE
General note Originally published: 1981.
651 #0 - SUBJECT ADDED ENTRY--GEOGRAPHIC NAME
Geographic name India
General subdivision Boundaries
Geographic subdivision Pakistan.
651 #0 - SUBJECT ADDED ENTRY--GEOGRAPHIC NAME
Geographic name Pakistan
General subdivision Boundaries
Geographic subdivision India.
651 #0 - SUBJECT ADDED ENTRY--GEOGRAPHIC NAME
Geographic name India
General subdivision Military policy.
651 #0 - SUBJECT ADDED ENTRY--GEOGRAPHIC NAME
Geographic name India
General subdivision Foreign relations
Geographic subdivision Pakistan.
651 #0 - SUBJECT ADDED ENTRY--GEOGRAPHIC NAME
Geographic name Pakistan
General subdivision Foreign relations
Geographic subdivision India.
942 ## - ADDED ENTRY ELEMENTS (KOHA)
Source of classification or shelving scheme Dewey Decimal Classification
Koha item type Books
Holdings
Source of classification or shelving scheme Damaged status Not for loan Home library Current library Shelving location Date of accession Total Checkouts Full call number Barcode Date last seen Copy number Koha item type
Dewey Decimal Classification     JCC Rouf Library JCC Rouf Library General Stacks 07/18/2018   355.033554 SUK 1981 10826 02/20/2018 C - 1 Books

JCC Library | Contacts | JCC Home

Last Update on 23 September 2017
Copyright @ 2017-2020 JCC Rouf Library
Rouf Library, Jhenidah Cadet College (JCC), Bangladesh